Rokovanie v medzinárodnom obchode

Salvato in:
Dettagli Bibliografici
Autore principale: Knapik, Peter
Ente Autore: Ekonomická univerzita v Bratislave. Obchodná fakulta
Natura: Libro
Lingua:slovacco
Pubblicazione: Bratislava Ekonóm 2003
Soggetti:
Tags: Aggiungi Tag
Nessun Tag, puoi essere il primo ad aggiungerne!!

MARC

LEADER 00000nam a2200000 4500
001 c144127
005 20221108125248.2
020 |a 80-225-1682-1 
041 0 |a slo 
044 |a SK 
245 1 0 |a Rokovanie v medzinárodnom obchode  |c Peter Knapik 
264 1 |a Bratislava  |b Ekonóm  |c 2003 
300 |a 282 s. 
610 2 0 |a rokovania obchodné 
610 2 0 |a obchod medzinárodný 
610 2 0 |a obchodníci 
610 2 0 |a obchod 
610 2 0 |a hygiena duševná 
610 2 0 |a etika 
610 2 0 |a záujmy ekonomické 
610 2 0 |a riziko obchodné 
610 2 0 |a konflikty 
610 2 0 |a komunikácia 
610 2 0 |a partneri obchodní 
100 1 |a Knapik, Peter 
710 2 |a Ekonomická univerzita v Bratislave. Obchodná fakulta